1176 1043 1430 1895 1557 1699 1455 1801 1718 1313 1577 1272 1718 1782 1537 1215 1935 1385 1598 1097 1603 1736 1904 1337 1787 1616 1663 1749 1522 1927 1908 1771 1399 1207 1435 1151 1100 1095 1422 1626 1082 1573 1128 1126 1852 1709 1194 1602 1636 1591 1113 1108 1629 1219 1636 1261 1085 1463 1156 1865 1642 1768 1053 1430 1179 1760 1763 1508 1071 1443 1572 1425 1538 1872 1476 1703 1310 1955 1841 1052 1404 1314 1682 1559 1550 1461 1705 1780 1773 1937 1387 1367 1110 1061 1706 1972 1927 1277 1109 BCNSPRNW ULIB Ver.6.0+V

เปลี่ยนเป็นภาษาไทย

Change to English
 แสดงรายละเอียดบรรณานุกรม
  กลับหน้าหลัก

Brief Record : Get Marc (ISO 2709) : E-mail record : QR code < ปิดหน้าต่าง
LEADER : 00000nam 2200000uu 4500
001    13399128726
003     ULIB
008    240814s2566||||th 000 0 tha d
020    ^a9786165949286 :^c฿490.00
060 00 ^aWY106^bว37ก
100 0  ^aaวนิดา ดุรงค์ฤทธิชัย
245 10 ^aการพยาบาลอนามัยชุมชน :^bแนวคิด หลักการและการประยุกต์เพื่อสุขภาพ บุคคล ครอบครัวและชุมชน =^bCommunity health nursing : concepts, principles, and applies for enhancing individual, family, and community health /^cวนิดา ดุรงค์ฤทธิชัย
246 3  ^aCommunity health nursing : concepts, principles, and applies for enhancing individual, family, and community health.
260    ^aกรุงเทพฯ :^bสำนักพิมพ์จุฬาลงกรณ์มหาวิทยาลัย,^c2566
300    ^a639 หน้า :^bภาพประกอบ
504    ^aบรรณานุกรมท้ายบทและดัชนีท้ายเล่ม
650  4 ^aการพยาบาลอนามัยชุมชน
650  4 ^aอนามัยชุมชน
700 0  ^aวนิดา ดุรงค์ฤทธิชัย
945    ^p490^l0^i010390
945    ^p490^l0^i010391
945    ^p490^l0^i010392
945    ^p490^l0^i010393
945    ^p490^l0^i010394
945    ^p490^l0^i010395
945    ^p490^l0^i010396
999    ^aประนอม เกษจรัล
รายการนี้ยังไม่มีแท็ก
คุณยังไม่ได้ล็อกอิน คุณสามารถมีกิจกรรมร่วมกับเว็บไซต์ได้ แต่ต้องล็อกอินก่อน ::
  ล็อกอิน

รายการสื่อสารสนเทศ

ลำดับที่ ประเภท เลขเรียก/บาร์โค้ด สถานที่ สถานะ
1. Book การพยาบาล
หนังสือสำรอง
สถานะ=หนังสือสำรอง
WY106 ว37ก ฉ.1 
  Barcode: 010390
ห้องสมุดวิทยาเขตสวรรค์ประชารักษ์
►หนังสือทั่วไป
บนชั้น
2. Book การพยาบาล
Book การพยาบาล
WY106 ว37ก ฉ.2 
  Barcode: 010391
ห้องสมุดวิทยาเขตสวรรค์ประชารักษ์
►หนังสือทั่วไป
ถูกยืม กำหนดส่งวันที่ 30 มกราคม 2569
  จอง
3. Book การพยาบาล
Book การพยาบาล
WY106 ว37ก ฉ.3 
  Barcode: 010392
ห้องสมุดวิทยาเขตสวรรค์ประชารักษ์
►หนังสือทั่วไป
บนชั้น
4. Book การพยาบาล
Book การพยาบาล
WY106 ว37ก ฉ.4 
  Barcode: 010393
ห้องสมุดวิทยาเขตสวรรค์ประชารักษ์
►หนังสือทั่วไป
ถูกยืม กำหนดส่งวันที่ 3 เมษายน 2568
  จอง
5. Book การพยาบาล
Book การพยาบาล
WY106 ว37ก ฉ.5 
  Barcode: 010394
ห้องสมุดวิทยาเขตสวรรค์ประชารักษ์
►หนังสือทั่วไป
บนชั้น
6. Book การพยาบาล
Book การพยาบาล
WY106 ว37ก ฉ.6 
  Barcode: 010395
ห้องสมุดวิทยาเขตสวรรค์ประชารักษ์
►หนังสือทั่วไป
บนชั้น
7. Book การพยาบาล
Book การพยาบาล
WY106 ว37ก ฉ.7 
  Barcode: 010396
ห้องสมุดวิทยาเขตสวรรค์ประชารักษ์
►หนังสือทั่วไป
ถูกยืม กำหนดส่งวันที่ 10 พฤศจิกายน 2568
  จอง

รายการใกล้เคียง
    หัวเรื่อง [การพยาบาลอนามัยชุมชน]
    หัวเรื่อง [อนามัยชุมชน]

BibComment


ยังไม่เคยถูกคอมเมนท์

คอมเมนท์ทรัพยากรรายการนี้
  คอมเมนท์: การพยาบาลอนามัยช..


 Copyright 2026. Bcnsprnw @Library